Pel·lícules Studio Ghibli per imatge - Statistics

General Stats
  • This quiz has been taken 5 times
  • The average score is 12 of 25
Answer Stats
Picture Hint Answer % Correct
2004 - Hayao Miyazaki El castell ambulant
100%
1988 - Hayao Miyazaki El meu veí Totoro
100%
1992 - Hayao Miyazaki Porco Rosso
100%
1986 - Hayao Miyazaki El castell al cel
80%
2001 - Hayao Miyazaki El viatge de Chihiro
80%
1989 - Hayao Miyazaki Kiki, l'aprenent de bruixa
80%
2008 - Hayao Miyazaki La Ponyo al penya-segat
80%
1997 - Hayao Miyazaki La princesa Mononoke
80%
2010 - H. Yonebayashi Arrietty i el món dels remenuts
40%
2014 - H. Yonebayashi El record de la Marnie
40%
1999 - Isao Takahata Els meus veïns els Yamada
40%
2013 - Hayao Miyazaki El vent s'aixeca
40%
2006 - Gorō Miyazaki Històries de Terramar
40%
2013 - Isao Takahata La història de la princesa Kaguya
40%
1988 - Isao Takahata La tomba de les lluernes
40%
2016 - Isao Takahata La tortuga vermella
40%
1994 - Isao Takahata Pompoko
40%
2020 - Gorō Miyazaki Earwig i la bruixa
20%
2023 - Hayao Miyazaki El noi i l'ocell
20%
2011 - Gorō Miyazaki El turó de les roselles
20%
2002 - Hiroyuki Morita La Haru al regne dels gats
20%
1995 - Y. Kondō Murmuris del cor
20%
1984 - Hayao Miyazaki Nausicaä de la Vall del Vent
20%
1993 - T. Mochizuki Puc sentir la mar
20%
1991 - Isao Takahata Records de l'ahir
20%
No matching quizzes found
Score Distribution
Percent of People with Each Score
Percentile by Number Answered
Your Score History
You have not taken this quiz